Personaggi famosi A-Z - FACILE - Statistics

Statistiche generali
  • Questo quiz è stato fatto 709 volte
  • Il punteggio medio è 17 su 21
Statistiche sulle risposte
DOMANDA RISPOSTA % Corretto
Famoso per il tallone come punto debole Achille
99%
Scrisse la Divina Commedia Dante Alighieri
96%
Primo presidente americano di colore Barack Obama
92%
Cantante italiano cieco Bocelli
90%
Capitano storico della Roma Totti
90%
Giustiziere mascherato caratterizzato dalla lettera Z Zorro
90%
Diede fuoco a Roma nel 64 d.C Nerone
87%
Si dipinse senza un orecchio Vincent Van Gogh
87%
Uno dei calciatori più forti ad aver portatola maglia numero 7 Ronaldo
85%
Uomo più ricco al mondo con un patrimoniodi 219 miliardi di dollari Elon Musk
82%
Tennista di nome Roger Federer
82%
Appartenente alla famiglia de' medici Lorenzo il Magnifico
80%
Scrisse "il fu Mattia Pascal" e"Uno, nessuno e Centomila" Pirandello
79%
Pilota della mercedes nella formula 1 Hamilton
73%
Attore comico inglese che interpretavail suo ruolo da "muto" Charlie Chaplin
70%
Ha combattuto per i diritti civili degli afroamericani Martin Luther King
69%
Re d'Italia dal 1878 al 1900 (famiglia dei Savoia) Umberto 1
69%
Attivista svedese per lo sviluppo sostenibile Greta Thunberg
66%
Protagonista del romanzo e del film"Notre-Dame de Paris" Quasimodo
64%
Nella mitologia greca era figlio dell'inventoreDedalo e di Naucrate Icaro
61%
Terzo re d'Israele, successore e figlio di Davide,dal 970 al 930 a.C. Salomone
53%
Nessun quiz corrispondente trovato
Distribuzione punteggi
Percentuale di utenti per punteggio
Percentile per numero di risposta
I tuoi punteggi nel tempo
Non hai fatto questo quiz